000 00411nam a2200169Ia 4500
001 73713
008 160804s9999||||xx |||||||||||||| ||und||
020 _a9780199066087
040 _cPK-LaUMT
082 _a 954.04
_bRAB-E
100 _aRabia Umar Ali
245 _aEmpire in retreat/
_cRabia Umar Ali
260 _aOxford:
_bOxford University Press,
_c2012
300 _a190 p.
546 _aEN
942 _cBK
999 _c86857
_d86857